000 00994cam a2200301 i 4500
001 000005611
003 DO-SdBNP
005 20231010102323.0
007 ta
008 900118s 1948 sp 001 0 spa
040 _aDO-SdBNP
_bspa
_cBNPHU
_erda
082 4 _aBNPHU PD 867.3
_bQ5ó
_222
100 1 _aQuevedo, Francisco de,
_d1580-1645.
_96261
_eautor
245 1 0 _aObras satíricas y festivas /
_cprólogo y notas, José Ma. Salaverría.
264 _aMadrid, España :
_bEspasa-Calpr,
_c1948.
300 _a257 páginas ;
_c19 cm.
336 _2rdacontent
_atexto
_btxt
337 _2rdamedia
_asin mediación
_bn
338 _2rdacarrier
_avolumen
_bnc
490 _aClásicos castellanos
_v56
590 _aInventariado, 2023/BT
650 4 _aSátira española
_ySiglo XVII
_915843
650 4 _aHumorismo español
_ySiglo XVII
_915844
650 4 _aLiteratura española
_ySiglo XVII
_915845
700 1 _aSalaverría, José Ma.,
_eprólogo
_915846
910 _aBtavárez
942 _2ddc
_cLBS1
999 _c5410
_d5410